Statistics for Cities and villages of Liechtenstein

Click here to take the quiz!

General Stats

  • This quiz has been taken 7 times
  • The average score is 10 of 20

Answer Stats

Cities% Correct
13.Schaan
100%
20.⭐Vaduz
100%
18.Triesen
83%
19.Triesenberg
83%
1.Balzers
67%
3.Eschen
50%
9.Mauren
50%
11.Planken
50%
12.Ruggell
50%
15.Schellenberg
50%
2.Bendern
33%
4.Gaflei
33%
5.Gamprin
33%
6.Malbun
33%
7.Mäls
33%
10.Nendeln
33%
14.Schaanwald
33%
16.Silum
33%
8.Masescha
17%
17.Steg
17%

Score Distribution

Percentile by Number Answered

Percent of People with Each Score

Your Score History

You have not taken this quiz